000 00676nam a22002297a 4500
003 DO-SdBNP
005 20180216111506.0
008 161031b 2006 xxu a 1 00| 0 spa d
020 _a0765276488
040 _aBPMSU
_bspa
_cBPMSU
082 _axxxx
_bN616h
100 1 _aNichols, Jennifer
245 1 0 _aHaz una casa /
_cJennifer Nichols
260 _aEstados Unidos :
_bCelebration Press,
_bPearson Learning Group ,
_c2006.
300 _a8 p. :
_bil. ;
_c25 cm.
490 1 _aiOpeners
500 _aConsultor de desarrollo de programa (K-2) Nell Duke
830 0 _aiOpeners
942 _2ddc
_cBK
945 _aInventariado, 2018/ YL
956 _aYLOCKWARD
_b10
_cBPMSU
999 _c12676
_d12676